00326nam a2200133Ia 4500082001200000100001800012245001600030260000900046300000900055650002700064650002500091650001600116710006000132 aRR.003; aRay, Rabindra 0aTemporality c1988 a80p. aNIHILISM (PHILOSOPHY)  aNOTHING (PHILOSOPHY) aMATERIALISM aGovind Ballabh Pant Social Science Institute, Allahabad